00783nam a22001937a 4500003000900000008004100009040007100050082001700121100002000138245003500158260005800193300004400251440005400295505015700349650001700506650001400523650001700537700003500554AR-CdUCM190320b ||||| |||| 00| 0 spa d aMUNICIPALIDAD PROVINCIAL DEL CUSCOcBIBLIOTECA MUNICIPAL DEL CUSCO a523.8 /bW36 aWebb, Edmund J. aLos nombres de las estrellas / aMéxico, D.F :bFondo de Cultura Económica,c1957. a305 páginas ;bIlustraciones,c17 cm. aBreviarios del Fondo de Cultura Económica.n123 aLa función del contemplador de las estrellas -- Origen de los nombres de las estrellas -- Imaginaciones primitivas -- Las constelaciones boreales ... aNomenclatura aEstrellas aAstronomía aGonzález Aramburo, Francisco